000 00361nam a2200145Ia 4500
008 191201s2005 xx 000 0 und d
082 _a621.381
_bWOM
100 _aWOLF, Wayne
245 0 _aModern VLSI Design System-on-chip Design
250 _a3rd
260 _aN.Delhi
_bPearson Education
_c2005
300 _a622
650 _aB.Tech(ECE)
942 _2ddc
_cBK
999 _c1387
_d1387